Even you can learn statistics and analytics: an easy to understand guide (Record no. 115977)

MARC details
000 -LEADER
fixed length control field 00277 a2200109 4500
020 ## - INTERNATIONAL STANDARD BOOK NUMBER
International Standard Book Number 9789361596964
100 ## - MAIN ENTRY--PERSONAL NAME
Personal name David M. Levine
245 ## - TITLE STATEMENT
Title Even you can learn statistics and analytics: an easy to understand guide
250 ## - EDITION STATEMENT
Edition statement 4th
260 ## - PUBLICATION, DISTRIBUTION, ETC. (IMPRINT)
Name of publisher, distributor, etc Pearson
Date of publication, distribution, etc 2025
942 ## - ADDED ENTRY ELEMENTS (KOHA)
Koha item type On order/under processing
Holdings
Withdrawn status Lost status Damaged status Not for loan Home library Current library Date acquired Source of acquisition Cost, normal purchase price Total Checkouts Barcode Date last seen Cost, replacement price Price effective from Koha item type
        University Library University Library 17/03/2026 146 880.00   00098051 17/03/2026 1100.00 17/03/2026 On order/under processing
University Library, CUSAT